• 首页
  • 本馆介绍
  • 公告通知
  • 最新文献
  • 馆藏检索
  • 电子资源
  • 读者导购
  • 参考咨询
  • 我的图书馆
  • 登录
  • 详细信息显示
  • 放入我的书架
  • 预约/预借图书
  • 作者相关作品
  • 分类相关作品
  • 丛书相关作品
  • 出版社相关作品

书目信息

  • 表格格式
  • 工作单格式
  • 卡片格式
题名:
无线传感器网络关键技术及应用
    
 
作者: 陈继光, 著
分册:  
出版信息: 成都   电子科技大学出版社  2018
页数: 184页
开本: 24cm
丛书名:
单 册:
中图分类: TP212
科图分类:
主题词: 无线电通信--Wu Xian Dian Tong Xin--传感器--研究
电子资源:
ISBN: 978-7-5647-6469-2
000 01206nam0 2200265 450
001 1953728711
005 20181121104954.5
010    @a978-7-5647-6469-2@dCNY 50.00
099    @aCAL 012018179755
100    @a20181121d2018 em y0chiy50 ea
101 0  @achi
102    @aCN@b510000
105    @aa a 000yy
200 1  @a无线传感器网络关键技术及应用@AWu Xian Chuan Gan Qi Wang Luo Guan Jian Ji Shu Ji Ying Yong@f陈继光著
210    @a成都@c电子科技大学出版社@d2018
215    @a184页@c图@d24cm
314    @a陈继光,1982年出生,2015年南京理工大学毕业。主要研究方向无线传感网络部署及定位技术。
320    @a有书目 (第170-184页)
330    @a本书主要阐述了两个方面的内容。一是在总结了作者在无线传感器网络节点定位和节点部署等方面取得的研究成果(这些成果为河南省科技公关项目、河南省教育厅高等学校重点科研项目);二是对无线传感器网络节点部署技术进行了研究。这些研究包括:采用基于位置信息的理想流体模型对节点部署的分析,同时,又采用了非守恒粘性流体模型对三维网络的节点部署进行了研究。
333    @a传感器研究者
606 0  @a无线电通信@AWu Xian Dian Tong Xin@x传感器@x研究
690    @aTP212@v5
701  0 @a陈继光,@AChen Ji Guang@f1982-@4著
801  0 @aCN@bOUQD@c20181121
905    @aBZT@dTP212@e12
    
    无线传感器网络关键技术及应用/陈继光著.-成都:电子科技大学出版社,2018
    184页:图;24cm
    使用对象:传感器研究者
    
    ISBN 978-7-5647-6469-2:CNY 50.00
    本书主要阐述了两个方面的内容。一是在总结了作者在无线传感器网络节点定位和节点部署等方面取得的研究成果(这些成果为河南省科技公关项目、河南省教育厅高等学校重点科研项目);二是对无线传感器网络节点部署技术进行了研究。这些研究包括:采用基于位置信息的理想流体模型对节点部署的分析,同时,又采用了非守恒粘性流体模型对三维网络的节点部署进行了研究。
●
相关链接 在五车中查询图书 在当当中查询图书 在豆瓣中查询图书


正题名:无线传感器网络关键技术及应用     索取号:TP212/12         预约/预借

序号 登录号 条形码 馆藏地/架位号 状态 备注
1 866893   2000866893   第二书库/ [索取号:TP212/12] 在馆    
2 866894   2000866894   第二书库/ [索取号:TP212/12] 在馆    
3 866895   2000866895   第二书库/ [索取号:TP212/12] 在馆    
山东省滨州职业学院图书馆 欢迎您!
大连网信软件有限公司© 版权所有